| 000 | 00922cam a22002651 4500 | ||
|---|---|---|---|
| 001 | he 68001451 | ||
| 003 | DLC | ||
| 005 | 20260227111458.0 | ||
| 008 | 710901s1966 is bs 00010 eng | ||
| 010 | _ahe 68001451 //r872 | ||
| 025 | _aPL480:Is-3943 | ||
| 043 | _aa-is--- | ||
| 050 | 0 |
_aHD2111.P32 _bB35 |
|
| 082 | _a338.1/095694 | ||
| 100 | 1 | 0 |
_aBarkay, Richard M., _d1918, _ecomp. |
| 245 | 1 | 0 |
_aAgricultural statistics in Israel; _bmethods of compilation. _cEdited by Richard M. Barkay and Michael Noam. |
| 260 | 0 |
_aJerusalem, _bCentral Bureau of Statistics, _c1966. |
|
| 300 |
_a2 v. (xxiv, 634 p.) _c28 cm. |
||
| 490 | 1 | _aTechnical publications series, no. 21 | |
| 504 | _aBibliography: p. 627-634. | ||
| 650 | 0 |
_aAgriculture _xEconomic aspects _zIsrael _xStatistics. |
|
| 650 | 0 |
_aAgriculture _zIsrael _xStatistics. |
|
| 700 | 1 | 0 |
_aNoam, Michael, _ejoint comp. |
| 830 | 0 |
_aSidrat pirsumim á¹ekhniyim ; _vmis. 21. |
|
| 999 |
_c33313 _d33313 |
||